000 01265nam a2200313 i 4500
003 EG-GICUC
005 20260121101508.0
008 251216s2005 ua ||||fr|||| 00| 0 ara d
017 _a2005/5980
020 _a9775566983
040 _a EG-GICUC
_bara
_c EG-GICUC
_d EG-GICUC
_erda
041 0 _aara
082 0 4 _221
_a343.46
_b ع م . ت
092 0 4 _221
099 _aLaw1 10 343.46 ع م . ت 2005
100 0 _aعمر محمد بن يونس
_eمترجم.
245 1 2 _aالتحكم في جرائم الحاسوب وردعها :
_b المراقبة الدولية للسياسة الجنائية) ملخص الترجمة العربية المرشد الامم المتحدة لعام 1999 ) /
_cد. عمر محمد بن يونس.
264 1 _aالقاهرة :
_bدار النهضة العربية،
_c2005.
300 _a150 ؛صفحة
_c24 سم.
336 _2rda content
_atext
337 _2rda media
_aComputer
338 _2rda carrier
_aOnline Resource
546 _aالنص باللغة العربية
650 1 4 _aالتشريعات المتعلقة بتقنية المعلومات
650 1 4 _aالقانون الجنائي
856 4 0 _uhttps://fll.law.cu.edu.eg/fulltext/bks/B10-06990.pdf
905 _a77
942 _2ddc
_cBK
_e21
_n0
999 _c50737
_d50737